|
|
|
|
| LEADER |
00000nab a2200000 ar4500 |
| 001 |
vtls009962863 |
| 003 |
SK-MaSNL |
| 005 |
20260318122127.0 |
| 008 |
091022c20091007xo |||||||| 000 b|hun |
| 015 |
|
|
|a SNBRB2009/10
|2 snkbucl
|
| 038 |
|
|
|a SNKBUCL
|
| 040 |
|
|
|a DSZK
|b slo
|c DSZK
|e AACR2
|
| 041 |
0 |
|
|a hun
|
| 044 |
|
|
|a xo
|c SK
|
| 080 |
|
|
|a 32-051
|2 2001
|
| 080 |
|
|
|a 329.4
|x (437.6)
|x (=511.141)
|b SMK
|2 2001
|
| 080 |
|
|
|a 329.4
|x (437.6)
|x (=511.141)
|b Most-Híd
|2 2001
|
| 080 |
|
|
|a 342.511
|x (439)
|2 2001
|
| 080 |
|
|
|a 327
|x (437.6:439)
|2 2001
|
| 080 |
|
|
|a 327
|x (439:437.6)
|2 2001
|
| 080 |
|
|
|a 247.3
|x (437.6)
|2 2001
|
| 080 |
|
|
|a 332.14
|x (437.6)
|2 2001
|
| 100 |
1 |
|
|a Lajos, János P.
|4 ivr
|4 aut
|9 841807
|
| 245 |
1 |
3 |
|a Az egypártrendszer még sose működött jól
|b interjú Bastrnák Tiborral a komáromi Cirill-Metód szoborról, Sólyom László meghiúsított látogatásáról, az MKP-ból való távozásáról és a Híd pártról
|c [beszélgetett] Lajos P. János
|
| 300 |
|
|
|b Fotogr.
|
| 600 |
1 |
7 |
|a Bastrnák, Tibor,
|d 1964-
|2 snkbucl
|9 107216
|
| 610 |
1 |
7 |
|a Maďarsko.
|b Prezident (2005-2010 : Sólyom)
|2 snkbucl
|9 241179
|
| 610 |
2 |
7 |
|a Strana maďarskej koalície - Magyar Koalíció Pártja
|2 snkbucl
|9 229268
|
| 610 |
2 |
7 |
|a Most-Híd (politická strana)
|2 snkbucl
|9 233352
|
| 650 |
0 |
7 |
|a Cyril a Metod (súsošie : Komárno, Slovensko)
|2 snkbucl
|9 1128538
|
| 650 |
0 |
7 |
|a regionálna politika
|2 SNKPH
|9 2351
|
| 651 |
|
7 |
|a Komárno (Slovensko)
|2 SNKPHgeo
|9 39168
|
| 655 |
|
7 |
|a rozhovory
|2 SNKPH
|9 31831
|
| 700 |
1 |
|
|a Bastrnák, Tibor,
|d 1964-
|4 ive
|4 aut
|9 107216
|
| 773 |
0 |
|
|t Új szó
|g Évf. 62, sz. 231 (7.10.2009), o. 3
|x 1335-7050
|
| 852 |
|
|
|a SNK
|b KIS3GCP
|
| 852 |
|
|
|a DSZK
|b KIS3GCP
|
| 958 |
|
|
|a HU
|
| 958 |
|
|
|a SK
|
| 999 |
|
|
|c 3008735
|d 3010665
|